'B' Books by Cover Quiz Stats

Quiz Updated Jan 14, 2013

Also try: 'A' Books by Cover
Challenge
Share
Tweet
Score 0/15 Timer 05:00
12 Plays Today
Book % Correct
A5Black Beauty
91%
A3Breakfast at Tiffany's
87.4%
C3Breaking Dawn
66.6%
B3The Berenstain Bears
64.3%
C1Brave New World
58.9%
A2The Bell Jar
55.9%
B1Bossypants
44.7%
B5Bridget Jones's Diary
41.1%
Book % Correct
B4Bleak House
39.3%
B2The Brothers Karamazov
37.7%
C5Brown Bear, Brown Bear...
34.2%
A4Brideshead Revisited
24.3%
C4Blueberries for Sal
19%
C2The Borrowers
16%
A1Bel Canto
14.5%

You're not logged in!

Compare scores with friends on all Sporcle quizzes.
Sign Up with Email
OR
Log In

You Might Also Like...

Show Comments

Extras

Top Quizzes Today


Score Distribution

Your Account Isn't Verified!

In order to create a playlist on Sporcle, you need to verify the email address you used during registration. Go to your Sporcle Settings to finish the process.